000 00493nam a2200157 i 4500
001 79336
003 ES-MaACL
005 20230906173945.0
007 t|
008 041021s1921 fr ||||1| fre d
100 1 _aHermant, Abel.
_962743
245 1 0 _aMemoires pour servir a l'Histoire de la societé
_b: d'ime guerre a l'autre guerre : le crespuscule tragique /
_cAbel Hermant.
260 _aParis :
_b[s.n.,
_c1921] (
_fLemerre)
300 _a374 p. ;
_c19 cm.
852 _aES-MaACL
_jF-12149
999 _c79336
_d79336